Využitie fondov EÚ na príklade vybraného mesta bakalárska práca

Salvato in:
Dettagli Bibliografici
Autore principale: Darášová, Monika
Ente Autore: Národohospodárska fakulta EU. Katedra verejnej správy a regionálneho rozvoja
Altri autori: Šipikal, Miroslav, 1976-
Natura: Libro
Lingua:slovacco
Pubblicazione: Bratislava 2010
Tags: Aggiungi Tag
Nessun Tag, puoi essere il primo ad aggiungerne!!

MARC

LEADER 00000nam$a2200000$$$4500
001 0128985
005 20160627120459.3
041 0 |a slo 
044 |a SK 
245 1 0 |a Využitie fondov EÚ na príklade vybraného mesta  |b bakalárska práca  |c Monika Darášová ; škol. Miroslav Šipikal 
264 1 |a Bratislava  |c 2010 
300 |a 55 s. 
100 1 |a Darášová, Monika 
700 1 |a Šipikal, Miroslav, 1976- 
710 2 |a Národohospodárska fakulta EU. Katedra verejnej správy a regionálneho rozvoja